Central Library OPAC University of Rajshahi

The curious traveller / (Record no. 14722)

MARC details
000 -LEADER
fixed length control field 00760cam a22002651 4500
001 - CONTROL NUMBER
control field 14722
003 - CONTROL NUMBER IDENTIFIER
rucl marc code BD-RjUL
005 - DATE AND TIME OF LATEST TRANSACTION
control field 20211208235659.0
008 - FIXED-LENGTH DATA ELEMENTS--GENERAL INFORMATION
fixed length control field 140208s1950 enkf 001 0 eng
035 ## - SYSTEM CONTROL NUMBER
System control number (BD-RjUL)14776
System control number (OCoLC)2131661
040 ## - CATALOGING SOURCE
Original cataloging agency DLC
Transcribing agency GU
Modifying agency Uk
-- DLC
Language of cataloging eng
041 ## - LANGUAGE CODE
Language code of text/sound track or separate title eng
082 ## - DEWEY DECIMAL CLASSIFICATION NUMBER
Classification number 914.2
Author mark and year MAC 1950
100 1# - MAIN ENTRY--PERSONAL NAME
Personal name Massingham, H. J.
Fuller form of name (Harold John),
Dates associated with a name 1888-1952.
9 (RLIN) 45877
245 14 - TITLE STATEMENT
Title The curious traveller /
Statement of responsibility, etc. H. J Massingham
260 ## - PUBLICATION, DISTRIBUTION, ETC. (IMPRINT)
Place of publication, distribution, etc. London :
Name of publisher, distributor, etc. Collins,
Date of publication, distribution, etc. 1950.
300 ## - PHYSICAL DESCRIPTION
Pagination 286 p. :
Illustrations plates. ;
Size 23 cm.
504 ## - BIBLIOGRAPHY, ETC. NOTE
Bibliography, etc Includes index
651 #0 - SUBJECT ADDED ENTRY--GEOGRAPHIC NAME
Geographic name England
General subdivision Description and travel.
9 (RLIN) 45878
Geographic name Wales
General subdivision Description and travel.
9 (RLIN) 45879
942 ## - ADDED ENTRY ELEMENTS (KOHA)
Source of classification or shelving scheme Dewey Decimal Classification
Koha item type Books
Holdings
Lost status Source of classification or shelving scheme Damaged status Not for loan Collection code Permanent Location Current Location Shelving location Date acquired Source of acquisition Cost, normal purchase price Total Checkouts Full call number Date last seen Copy number Koha item type
  Dewey Decimal Classification   Not For Loan Non-fiction Central Library, University of Rajshahi Central Library, University of Rajshahi Reading Room 14/05/1975 BNBC 0.00   914.2 MAC 1950 08/02/2014 C-1 Books